Náš prepodobný otec Gerasim od Jordána (4. marec)

Bibliographic Details
Main Author: Gajdoš, Marcel (Author)
Format: Article
Language:Slovak
PhysicalDescription:Obr.
ISSN:1335-7492
Subjects:

MARC

LEADER 00000nab a2200000 a 4500
001 vtls000787158
003 SK-MaSNL
005 20260304114929.0
008 250429c2002 xo 0 slo
015 |a SNBRB2002/03-09046 
035 |a CLN000138813 
035 |a urn:nbn:sk:snk-abd49p 
035 |a (urnnbn)urn:nbn:sk:snk:ar-003rql 
035 |a (uuid)b82637d0-69b0-4c6f-91a4-723f776ba5f4 
040 |a SNKBUCL  |b slo  |c SNKBUCL  |e AACR2 
041 0 |a slo 
044 |a xo  |c SK 
080 |a 235.3  |2 1997 
100 1 |a Gajdoš, Marcel  |4 aut  |9 268119 
245 1 0 |a Náš prepodobný otec Gerasim od Jordána (4. marec)  |c Marcel Gajdoš 
300 |b Obr. 
600 0 7 |a Gerasim  |c sv.  |d ?400-475  |2 snkbucl  |9 1420600 
655 7 |a články z novín a časopisov  |2 snkbucl  |9 267496 
773 0 |t Slovo : časopis gréckokatolíckej cirkvi  |g Roč. 34, č. 3 (2002), s. 19  |x 1335-7492 
850 |a Slovenská národná knižnica 
852 |a Slovenská národná knižnica 
954 |a odborná, vedecká literatúra pôvodná (slovenská)  |2 lita 
958 |a article17 
958 |a OND 
958 |a NT 
958 |a EUIPO 
992 |a RBX 
999 |c 2874331  |d 2876261